MARC

LEADER 00000nam0a2200000 4500
001 13544
005 20231101204909.0
010 |a 5238001398 
035 |a (RuTPU)RU\TPU\book\13626 
035 |a BOOK00013694 
090 |a 13544 
100 |a 20011209d2000 m y0rusy50 ca 
101 0 |a rus 
102 |a RU 
105 |a y j 000zy 
200 1 |a Экология и безопасность жизнедеятельности  |e учебное пособие  |f под ред. Л. А. Муравья 
210 |a Москва  |c ЮНИТИ  |d 2000 
215 |a 447 с. 
606 1 |a Безопасность жизнедеятельности  |2 stltpush  |3 (RuTPU)RU\TPU\subj\27856  |9 51540 
610 1 |a экология 
610 1 |a окружающая среда 
610 1 |a охрана 
610 1 |a мониторинг 
610 1 |a классификация 
610 1 |a биосфера 
610 1 |a природопользование 
610 1 |a экологический мониторинг 
610 1 |a экологическое право 
610 1 |a математическое моделирование 
610 1 |a безопасность труда 
610 1 |a техника безопасности 
610 1 |a чрезвычайные ситуации 
610 1 |a безопасность жизнедеятельности 
610 1 |a учебные пособия 
675 |a 614.8(075.8)  |v 3 
675 |a 658.345(075.8)  |v 3 
702 1 |a Муравей  |b Л. А.  |g Леонид Андреевич  |4 340 
801 0 |a RU  |b 63413507  |c 20011209  |g PSBO 
801 2 |a RU  |b 63413507  |c 20201119  |g PSBO 
900 |a Экология и безопасность жизнедеятельности 
900 |a Математическое моделирование процессов в ЧС 
942 |c BK 
952 |a 511100  |b 330100